Statistics for All Quizzes on Jetpunk that have been taken 1 Million Times

Click here to take the quiz!

General Stats

  • This quiz has been taken 3 times
  • The average score is 1 of 15

Answer Stats

Number of times takenQuiz% Correct
13,162,500Countries of the World Quiz
67%
5,210,460US States Quiz
33%
1,493,009Fast Typing A to Z
33%
2,600,054United States Map Quiz
0%
2,197,670Europe Map Quiz
0%
2,093,649World Capitals Quiz
0%
1,927,670Fast Typing to 100
0%
1,631,936Countries by First Two Letters in 90 Seconds
0%
1,567,492Fifty States in One Minute
0%
1,314,202U.S. Presidents Quiz
0%
1,200,74612 Months in 15 Seconds
0%
1,082,550Africa Map Quiz
0%
1,071,666Countries of the World with an Empty Map
0%
1,044,375Countries by Borders in 90 Seconds
0%
1,011,340NFL Football Teams Quiz
0%

Score Distribution

Percentile by Number Answered

Percent of People with Each Score

Your Score History

You have not taken this quiz